[Event "79th UKR-ch"]
[Site "Alushta UKR"]
[Date "2010.05.08"]
[Round "6"]
[White "Dolzhykova, Kateryna"]
[WhiteElo "2300"]
[Black "Vypkhaniuk, Ihor"]
[BlackElo "2276"]
[Result "0-1"]
[EventDate "2010.05.02"]
[PlyCount "70"]

1. c4 e6 2. d4 Nf6 3. Nc3 Bb4 4. Qc2 O-O 5. e4 d5 6. cxd5 exd5 7. e5 Ne4 8. Bd3
c5 9. a3 Bxc3+ 10. bxc3 Bf5 11. f3 cxd4 12. cxd4 Qh4+ 13. Kf1 Rc8 14. Qe2 Nc3
15. Qd2 Bxd3+ 16. Qxd3 Rc4 17. Bb2 Na4 18. Ne2 Nxb2 19. Qb3 Na4 20. Qxb7 Nb6
21. a4 Qd8 22. a5 Rc7 23. Qxc7 Qxc7 24. axb6 Qxb6 25. Kf2 Nd7 26. Rhb1 Qc7 27.
Rb5 Nb6 28. Rc1 Qd8 29. Ra1 a6 30. Rc5 Nc4 31. g3 Nxe5 32. Nf4 Qb6 33. Rac1
Qb2+ 34. Kf1 Nc4 35. Nd3 Qxd4 0-1

[Event "79th UKR-ch"]
[Site "Alushta UKR"]
[Date "2010.05.08"]
[Round "6"]
[White "Omelia, Artem"]
[WhiteElo "2231"]
[Black "Nikolaev, Leonid"]
[BlackElo "2334"]
[Result "1/2-1/2"]
[EventDate "2010.05.02"]
[PlyCount "39"]

1. Nf3 c5 2. g3 g6 3. Bg2 Bg7 4. O-O Nc6 5. d3 d6 6. Nc3 Nf6 7. a3 O-O 8. Rb1
Rb8 9. b4 Nh5 10. Bd2 Bd7 11. bxc5 dxc5 12. Na4 b6 13. c4 Qc8 14. Nc3 Bh3 15.
Qc1 Bxg2 16. Kxg2 Qd7 17. Bh6 Nd4 18. Bxg7 Kxg7 19. Qe3 Nf6 20. h3 $11 1/2-1/2

[Event "79th UKR-ch"]
[Site "Alushta UKR"]
[Date "2010.05.08"]
[Round "6"]
[White "Varchenko, Hryhorii"]
[WhiteElo "2141"]
[Black "Borsuk, Kostyantyn"]
[BlackElo "2319"]
[Result "1/2-1/2"]
[EventDate "2010.05.02"]
[PlyCount "88"]

1. e4 e6 2. d4 d5 3. Nc3 Bb4 4. Nge2 Nc6 5. a3 Ba5 6. e5 Nge7 7. Ng3 Nf5 8. Bb5
O-O 9. Nxf5 Bxc3+ 10. bxc3 exf5 11. O-O Ne7 12. Bg5 h6 13. Bxe7 Qxe7 14. f4 c5
15. Be2 Be6 16. Bd3 g6 17. Qe1 h5 18. Qe3 Rac8 19. Rfb1 Rc7 20. g3 Rfc8 21. a4
Kg7 22. h4 Rc6 23. Qd2 c4 24. Be2 Rb6 25. Qc1 Rcc6 26. a5 Rxb1 27. Qxb1 Ra6 28.
Bf3 Qd7 29. Kf2 b6 30. axb6 Rxb6 31. Qa2 a6 32. Ke3 Qc6 33. Qa3 Bc8 34. Qc5
34... Be6 $11 35. Qxc6 Rxc6 36. Ra5 Rb6 37. Bxd5 Rb2 38. Bxe6 fxe6 39. Kd2 Rb1
40. Rxa6 Kf7 41. Ra7+ Kf8 42. Ke3 Re1+ 43. Kf3 Rf1+ 44. Ke3 Re1+ 1/2-1/2

[Event "79th UKR-ch"]
[Site "Alushta UKR"]
[Date "2010.05.08"]
[Round "6"]
[White "Stolpovskyi, Serhii"]
[WhiteElo "2187"]
[Black "Barantseva, Oleksandra"]
[BlackElo "1855"]
[Result "1/2-1/2"]
[EventDate "2010.05.02"]
[PlyCount "106"]

1. d4 d5 2. c4 e6 3. Nf3 Nf6 4. Nc3 c6 5. Bg5 h6 6. Bh4 dxc4 7. e4 g5 8. Bg3 b5
9. e5 Nd5 10. h4 Bb4 11. Qd2 g4 12. Nh2 Qa5 13. Rc1 h5 14. Be2 Bb7 15. f3 c5
16. a3 Bxc3 17. bxc3 cxd4 18. Qxd4 Nc6 19. Qd2 gxf3 20. Nxf3 O-O-O 21. Ng5 Nde7
22. Qb2 Nf5 23. Bf4 Rd7 24. O-O Qb6+ 25. Rf2 Nxh4 26. a4 Ng6 27. Bh2 Rhd8 28.
Qxb5 Qxb5 29. axb5 Ncxe5 30. Ra1 Ba8 31. Bxh5 Rh8 32. Be2 Bd5 33. Ra4 f5 34.
Rf1 Rg8 35. Rfa1 Rgg7 36. Ra6 Rde7 37. b6 axb6 38. Rxb6 f4 39. Raa6 Bb7 40. Ra4
Bd5 41. Raa6 Nh4 42. Bxf4 Nd7 43. Rb4 Nxg2 44. Bd2 Nh4 45. Kf2 Ne5 46. Bf4 Nhg6
47. Bg3 Ra7 48. Rab6 Nd7 49. Rd6 Ne7 50. Nxe6 Rxg3 51. Rxd5 Nxd5 52. Rxc4+ Kb8
53. Kxg3 Ra3 1/2-1/2

[Event "79th UKR-ch"]
[Site "Alushta UKR"]
[Date "2010.05.08"]
[Round "6"]
[White "Demidenko, Stanislav"]
[WhiteElo "2191"]
[Black "Zaichuk, Vitalii"]
[BlackElo "2007"]
[Result "1/2-1/2"]
[EventDate "2010.05.02"]
[PlyCount "80"]

1. e4 c5 2. Nf3 d6 3. d4 cxd4 4. Nxd4 Nf6 5. Nc3 a6 6. Bg5 e6 7. Qd2 Nbd7 8.
O-O-O Qc7 9. Kb1 Be7 10. f3 b5 11. Bd3 Bb7 12. g4 Rc8 13. h4 b4 14. Nce2 d5 15.
exd5 Bxd5 16. h5 Qb7 17. Rh3 Nc5 18. h6 g6 19. Qe3 Ncd7 20. Bh4 O-O 21. g5 Ne8
22. f4 Bc5 23. Qd2 Nd6 24. Nb3 Ba7 25. f5 Nxf5 26. Bxf5 gxf5 27. Nf4 Bc6 28.
Nh5 Ne5 29. Nf6+ Kh8 30. Na5 Qb5 31. Nxc6 Qxc6 32. Bg3 Nf3 33. Qd3 Bd4 34. Bf2
Rfd8 35. Bxd4 Rxd4 36. Qe2 Rxd1+ 37. Qxd1 Nd4 38. Rd3 e5 39. c3 bxc3 40. Rxc3
40... Qe6 $11 1/2-1/2

[Event "79th UKR-ch"]
[Site "Alushta UKR"]
[Date "2010.05.08"]
[Round "6"]
[White "Borzov, Dmytro"]
[WhiteElo "2173"]
[Black "Kurochkin, Valerii"]
[BlackElo "2369"]
[Result "0-1"]
[EventDate "2010.05.02"]
[PlyCount "86"]

1. d4 d5 2. c4 dxc4 3. Nf3 Nf6 4. Nc3 c5 5. d5 e6 6. e4 exd5 7. exd5 Bd6 8.
Bxc4 O-O 9. O-O a6 10. a4 Bg4 11. Bg5 Nbd7 12. Be2 h6 13. Bh4 Re8 14. Re1 Qc7
15. Bg3 Ne4 16. Nh4 Bxg3 17. hxg3 Bxe2 18. Rxe2 Nd6 19. Nf3 Rxe2 20. Qxe2 Re8
21. Qd3 c4 22. Qd4 Nc5 23. Rd1 b5 24. axb5 axb5 25. Re1 Rxe1+ 26. Nxe1 b4 27.
Nd1 Nb3 28. Qe5 Nc5 29. Qd4 Nd7 30. Nc2 b3 31. Nce3 Qa5 32. Qc3 Qc5 33. f3 f6
34. g4 Ne5 35. Kf1 Nd3 36. g3 Nb4 37. Qd2 Nb5 38. Nf5 Nd3 39. Qe3 Qxe3 40.
Nfxe3 Nxb2 41. d6 Nxd6 42. Nxb2 c3 43. Na4 c2 0-1

[Event "79th UKR-ch"]
[Site "Alushta UKR"]
[Date "2010.05.08"]
[Round "6"]
[White "Andrenko, Iryna"]
[WhiteElo "2149"]
[Black "Harnazhenko, Dmytro"]
[BlackElo "1969"]
[Result "1/2-1/2"]
[EventDate "2010.05.02"]
[PlyCount "74"]

1. e4 c5 2. Nf3 g6 3. d4 cxd4 4. Nxd4 Bg7 5. Nc3 Nc6 6. Be3 Nf6 7. Nxc6 bxc6 8.
e5 Ng8 9. Bd4 Qa5 10. f4 f6 11. Qd2 fxe5 12. fxe5 c5 13. Be3 Bxe5 14. Bc4 Nf6
15. O-O Bb7 16. Rad1 Qc7 17. Bf4 Bxf4 18. Rxf4 O-O-O 19. Nb5 Qb6 20. Nd6+ Qxd6
21. Qxd6 exd6 22. Rxf6 Kc7 23. Rfxd6 Bc6 24. a4 Bxa4 25. Ra6 Bxc2 26. Rxa7+ Kc6
27. Bd5+ Kd6 28. Rd2 Bf5 29. Ra5 Rb8 30. Bf3+ Ke7 31. Rxc5 Rhc8 32. Re5+ Kf6
33. Ree2 Rb4 34. Kf2 Rcb8 35. Rd6+ Kg5 36. Rdd2 Be6 37. Kg3 37... R8b6 $11
1/2-1/2

[Event "79th UKR-ch"]
[Site "Alushta UKR"]
[Date "2010.05.08"]
[Round "6"]
[White "Belous, Mikhail"]
[WhiteElo "1806"]
[Black "Rybakov, Serhii"]
[BlackElo "2034"]
[Result "1-0"]
[EventDate "2010.05.02"]
[PlyCount "97"]

1. d4 Nf6 2. c4 g6 3. Nc3 Bg7 4. e4 d6 5. f3 O-O 6. Be3 Nc6 7. Nge2 a6 8. Qd2
Rb8 9. Nc1 e5 10. Nb3 exd4 11. Nxd4 Bd7 12. Be2 Nh5 13. Nxc6 Bxc6 14. O-O b5
15. cxb5 axb5 16. Rac1 b4 17. Nd5 Bxd5 18. exd5 Re8 19. Bf2 Nf4 20. Qxf4 Rxe2
21. Bh4 f6 22. Rf2 Re7 23. Qc4 g5 24. Bg3 f5 25. Rfc2 Qe8 26. Qd3 f4 27. Bf2
Rb7 28. Qf5 Re5 29. Qd3 Re7 30. Qf5 h6 31. h4 Re5 32. Qd3 Qf7 33. Qa6 Qxd5 34.
Rxc7 Rxc7 35. Rxc7 Qd1+ 36. Kh2 Re8 37. Qb7 Bxb2 38. Qc6 Qe2 39. Qd7 Qe6 40.
Qh7+ Kf8 41. Be1 g4 42. fxg4 f3 43. Bd2 Ra8 44. Bxh6+ Ke8 45. Bg5 Be5+ 46. Kh3
f2 47. Re7+ Kf8 48. Bh6+ Qxh6 49. Qf7# 1-0

[Event "79th UKR-ch"]
[Site "Alushta UKR"]
[Date "2010.05.08"]
[Round "6"]
[White "Cherednychenko, Olena"]
[WhiteElo "2125"]
[Black "Kotyk, Vitalii"]
[BlackElo "1817"]
[Result "1-0"]
[EventDate "2010.05.02"]
[PlyCount "65"]

1. d4 c5 2. d5 e5 3. e4 d6 4. Nc3 a6 5. a4 g6 6. Be2 Bg7 7. Nf3 Nf6 8. Nd2 b6
9. Nc4 O-O 10. O-O Ne8 11. f4 f5 12. fxe5 dxe5 13. d6 Be6 14. Nd5 Nd7 15. Ne7+
Kh8 16. Bg5 Qb8 17. Nc6 Qc8 18. Ne7 Qb8 19. Qe1 f4 20. Qh4 Bf7 21. Bg4 Nef6 22.
Nxe5 Nxe5 23. Bxf6 Qxd6 24. Bxg7+ Kxg7 25. Qg5 Bc4 26. Nf5+ Rxf5 27. exf5 Bxf1
28. Rxf1 Nxg4 29. Qxg4 Qd4+ 30. Kh1 Re8 31. h3 Qxa4 32. Rxf4 Qd7 33. f6+ 1-0

[Event "79th UKR-ch"]
[Site "Alushta UKR"]
[Date "2010.05.08"]
[Round "6"]
[White "Avetisyan, Tyhran"]
[WhiteElo "1959"]
[Black "Gorbatenko, Kateryna"]
[BlackElo "2092"]
[Result "1-0"]
[EventDate "2010.05.02"]
[PlyCount "69"]

1. d4 Nf6 2. c4 g6 3. Nc3 Bg7 4. e4 d6 5. Be2 O-O 6. Bg5 c5 7. d5 b5 8. cxb5 a6
9. a4 Qa5 10. Bd2 Nbd7 11. Nf3 axb5 12. Bxb5 Ba6 13. O-O Rfb8 14. Re1 Qd8 15.
Bc6 Bb7 16. Nb5 Qc8 17. Bxb7 Qxb7 18. Bc3 Nb6 19. b3 Ne8 20. Bxg7 Kxg7 21. Qc2
Nc7 22. Nxc7 Qxc7 23. b4 Rc8 24. b5 Kg8 25. a5 Nd7 26. b6 Qb7 27. Qa4 Ra6 28.
Qb5 c4 29. Nd4 Rc5 30. Qc6 Qc8 31. b7 Rcxc6 32. dxc6 Qb8 33. cxd7 e5 34. Nc6
Rxc6 35. a6 1-0

[Event "79th UKR-ch"]
[Site "Alushta UKR"]
[Date "2010.05.08"]
[Round "6"]
[White "Burakovsky, Marat"]
[WhiteElo "2008"]
[Black "Maslov, Valentin"]
[BlackElo "2116"]
[Result "1-0"]
[EventDate "2010.05.02"]
[PlyCount "71"]

1. e4 e6 2. Qe2 c5 3. f4 Nc6 4. Nf3 Be7 5. Nc3 Nb4 6. d3 d5 7. g3 d4 8. Nd1 b6
9. Bg2 Bb7 10. O-O Qc7 11. Nf2 h5 12. Nh3 O-O-O 13. Ne5 Bd6 14. Nc4 Bf8 15. Ng5
Re8 16. a3 Nc6 17. e5 Nd8 18. Ne4 Bxe4 19. Qxe4 Nh6 20. a4 Nf5 21. a5 b5 22.
Nb6+ axb6 23. axb6 Qxb6 24. Ra8+ Kd7 25. Bd2 Ne7 26. Rfa1 Nd5 27. R1a6 Qxa6 28.
Rxa6 Nc6 29. c4 dxc3 30. bxc3 Rc8 31. c4 f5 32. exf6 Nxf6 33. Qf3 Nd4 34. Ra7+
Kd8 35. Ba5+ Ke8 36. Qb7 1-0

[Event "79th UKR-ch"]
[Site "Alushta UKR"]
[Date "2010.05.08"]
[Round "6"]
[White "Chernoukhov, Oleksandr"]
[WhiteElo "1837"]
[Black "Dementiev, Oleg"]
[BlackElo "1961"]
[Result "0-1"]
[EventDate "2010.05.02"]
[PlyCount "68"]

1. d4 Nf6 2. Nc3 c5 3. Nf3 cxd4 4. Nxd4 g6 5. Bg5 Bg7 6. e3 Qa5 7. Bxf6 Bxf6 8.
Bd3 Nc6 9. Nde2 d5 10. O-O O-O 11. a3 Rd8 12. b4 Qc7 13. Nb5 Qb6 14. c3 e5 15.
a4 Rd7 16. a5 Qd8 17. Qb3 a6 18. Na3 Rd6 19. Rad1 Bg4 20. Rd2 e4 21. Bb1 Ne5
22. Nd4 Qd7 23. Bc2 Rc8 24. Bd1 h5 25. Nb1 Bg5 26. Na3 Rf6 27. Nac2 Nc4 28. Re2
Bxe2 29. Nxe2 Nd2 30. Qa2 Nxf1 31. Kxf1 Qf5 32. Nf4 Bxf4 33. exf4 Qxf4 34. Ne3
Qxe3 0-1

[Event "79th UKR-ch"]
[Site "Alushta UKR"]
[Date "2010.05.09"]
[Round "7"]
[White "Kislinsky, Alexey"]
[WhiteElo "2472"]
[Black "Tukhaev, Adam"]
[BlackElo "2534"]
[Result "1/2-1/2"]
[EventDate "2010.05.02"]
[PlyCount "70"]

1. e4 c6 2. d4 d5 3. exd5 cxd5 4. c4 Nf6 5. Nc3 g6 6. Qb3 Bg7 7. cxd5 O-O 8.
Nge2 Na6 9. g3 b5 10. Bg2 b4 11. Nd1 Nc7 12. Ne3 a5 13. O-O a4 14. Qxb4 Ncxd5
15. Nxd5 Nxd5 16. Qd2 Bb7 17. Rd1 Qb6 18. Rb1 Rfd8 19. b4 Nc7 20. Bxb7 Qxb7 21.
Qe1 Nd5 22. b5 $11 22... Rd6 23. Nf4 e6 24. Nd3 Bxd4 25. Ba3 Rb6 26. Ne5 Bc3
27. Qe2 Bxe5 28. Qxe5 f6 29. Qe1 Kf7 30. Bc5 Rxb5 31. Rxb5 Qxb5 32. Rxd5 exd5
33. Qe7+ Kg8 34. Qe6+ Kg7 35. Qe7+ 35... Kg8 $11 1/2-1/2

[Event "79th UKR-ch"]
[Site "Alushta UKR"]
[Date "2010.05.09"]
[Round "7"]
[White "Izhnin, A."]
[WhiteElo "2360"]
[Black "Polivanov, Anatoliy"]
[BlackElo "2381"]
[Result "1/2-1/2"]
[EventDate "2010.05.02"]
[PlyCount "88"]

1. Nf3 Nf6 2. c4 e6 3. g3 d5 4. Bg2 d4 5. O-O c5 6. d3 Nc6 7. e3 Be7 8. exd4
cxd4 9. Bf4 O-O 10. Ne5 Nxe5 11. Bxe5 Ne8 12. Na3 f6 13. Bf4 Nc7 14. Nc2 e5 15.
Bd2 a5 16. f4 exf4 17. Bxf4 Ne6 18. Kh1 Kh8 19. Bd5 Ra6 20. Qf3 Bc5 21. Rae1 b5
22. cxb5 Nxf4 23. gxf4 Rd6 24. Bb7 Be6 25. b3 g6 26. Kg1 Rg8 27. Rf2 a4 28. b4
Ba7 29. Na3 g5 30. fxg5 Rxg5+ 31. Kh1 Bg4 32. Qf4 Bb8 33. Qd2 Re6 34. Rxe6 Bxe6
35. Qd1 Qg8 36. Be4 f5 37. Bf3 Bxa2 38. Rg2 Rxg2 39. Bxg2 Qg5 40. Qg1 Qf4 41.
b6 Qh4 42. b7 Bxh2 43. Qxh2 Qe1+ 44. Qg1 Qh4+ 1/2-1/2

[Event "79th UKR-ch"]
[Site "Alushta UKR"]
[Date "2010.05.09"]
[Round "7"]
[White "Bortnyk, Olexandr"]
[WhiteElo "2339"]
[Black "Dolzhykova, Kateryna"]
[BlackElo "2300"]
[Result "0-1"]
[EventDate "2010.05.02"]
[PlyCount "120"]

1. e4 e5 2. Nf3 Nc6 3. Bb5 Nge7 4. O-O g6 5. c3 a6 6. Ba4 Bg7 7. d4 exd4 8.
cxd4 b5 9. Bb3 O-O 10. Nc3 Na5 11. Bc2 d6 12. h3 c5 13. Bg5 Qc7 14. Rc1 Bb7 15.
Bb1 Rae8 16. Bf4 c4 17. Qd2 f5 18. e5 Nc8 19. exd6 Nxd6 20. Ne5 Nc6 21. Rfe1
Nxe5 22. Bxe5 Bxe5 23. dxe5 Ne4 24. Bxe4 fxe4 25. Nd5 Qxe5 26. Ne3 Rd8 27. Qc2
Rd3 28. Re2 Qd4 29. Rce1 Rd8 30. Nf1 Rd1 31. Ne3 Rd3 32. Kh2 Rd7 33. Ng4 Qd6+
34. Kg1 h5 35. Ne3 Qd4 36. Nf1 Rd1 37. Re3 Rd3 38. Qc1 Kh7 39. R3e2 b4 40. Kh2
c3 41. bxc3 bxc3 42. Ng3 Rd2 43. Re3 c2 44. R3e2 Qd3 45. Rxe4 Bxe4 46. Nxe4 Rd1
47. Ng5+ Kh6 48. Nf7+ Kg7 49. Qh6+ Kxf7 50. Qh7+ Kf6 51. Qh8+ Rg7 52. Qf8+ Rf7
53. Qh8+ Kg5 54. Re3 Qxe3 55. fxe3 c1=Q 56. Qe5+ Kh6 57. Qh8+ Rh7 58. Qf8+ Rg7
59. Qh8+ Kg5 60. Qg8 Rh1+ 0-1

[Event "79th UKR-ch"]
[Site "Alushta UKR"]
[Date "2010.05.09"]
[Round "7"]
[White "Dolhopolov, Oleksandr"]
[WhiteElo "2283"]
[Black "Volovikov, Anton"]
[BlackElo "2314"]
[Result "0-1"]
[EventDate "2010.05.02"]
[PlyCount "64"]

1. Nf3 d5 2. e3 Bg4 3. c4 c6 4. cxd5 cxd5 5. Qb3 Qc7 6. Nc3 Bxf3 7. gxf3 e6 8.
d4 Nc6 9. Bd2 a6 10. Rc1 Bd6 11. Na4 Nge7 12. Qb6 Qc8 13. Bd3 O-O 14. f4 f6 15.
Qb3 Rb8 16. f5 exf5 17. f4 Qe8 18. Nb6 Kh8 19. O-O Rd8 20. Na4 g5 21. Kh1 gxf4
22. Nc5 fxe3 23. Bxe3 Bxh2 24. Qd1 Bb8 25. Ne6 Rg8 26. Qf3 Rg3 27. Qe2 Rh3+ 28.
Kg1 Qg6+ 29. Bg5 Rg8 30. Rf2 Nxd4 31. Nxd4 Qxg5+ 32. Rg2 Qxc1+ 0-1

[Event "79th UKR-ch"]
[Site "Alushta UKR"]
[Date "2010.05.09"]
[Round "7"]
[White "Nikolaev, Leonid"]
[WhiteElo "2334"]
[Black "Mazurchak, Bohdan"]
[BlackElo "2184"]
[Result "1/2-1/2"]
[EventDate "2010.05.02"]
[PlyCount "71"]

1. Nf3 Nf6 2. c4 e6 3. g3 b6 4. Bg2 Bb7 5. O-O Be7 6. Nc3 O-O 7. Re1 d6 8. e4
c5 9. d4 cxd4 10. Nxd4 Qc8 11. Be3 Nc6 12. Rc1 Nxd4 13. Bxd4 Rd8 14. Qe2 Nd7
15. f4 Bf6 16. Bf2 a5 17. Nb5 Nc5 18. b3 Qc6 19. Rcd1 Rd7 20. h4 g6 21. Kh2
Rad8 22. Rd2 Bg7 23. Bh3 Qc8 24. Red1 Bf8 25. Bd4 Be7 26. Qe3 Qa8 27. Nc3 Bc6
28. f5 e5 29. Bxc5 dxc5 30. Rxd7 Rxd7 31. Rxd7 Bxd7 32. Bg2 Qd8 33. fxg6 hxg6
34. Bh3 Bc6 35. Nd5 Bxd5 36. cxd5 1/2-1/2

[Event "79th UKR-ch"]
[Site "Alushta UKR"]
[Date "2010.05.09"]
[Round "7"]
[White "Makarevych, Volodymyr"]
[WhiteElo "2063"]
[Black "Yastreb, Konstantin"]
[BlackElo "2209"]
[Result "0-1"]
[EventDate "2010.05.02"]
[PlyCount "86"]

1. e4 d6 2. d4 Nf6 3. Nc3 g6 4. Nf3 Bg7 5. Bd3 O-O 6. O-O Bg4 7. h3 Bxf3 8.
Qxf3 Nc6 9. Be3 Nd7 10. Ne2 e5 11. c3 exd4 12. cxd4 Nb4 13. Bb1 c5 14. a3 Nc6
15. Rd1 Qb6 16. dxc5 dxc5 17. Ra2 Nde5 18. Qg3 Nc4 19. b3 Qxb3 20. Rc1 Nxe3 21.
Qxe3 Qxe3 22. fxe3 Rad8 23. Nf4 Ne7 24. Rac2 b6 25. Ba2 Bh6 26. Kf2 Bxf4 27.
exf4 Rd4 28. Ke3 Re8 29. g4 Nc6 30. e5 g5 31. fxg5 Rxe5+ 32. Kf2 Rxg5 33. Re1
Rd3 34. Re3 Rxe3 35. Kxe3 Re5+ 36. Kd3 Kg7 37. Rf2 f6 38. Bc4 Re1 39. Bb5 Ne5+
40. Kd2 Ra1 41. Rf5 Rxa3 42. g5 Nf3+ 43. Kd1 Ra1+ 0-1

[Event "79th UKR-ch"]
[Site "Alushta UKR"]
[Date "2010.05.09"]
[Round "7"]
[White "Borsuk, Kostyantyn"]
[WhiteElo "2319"]
[Black "Cherednychenko, Olena"]
[BlackElo "2125"]
[Result "1-0"]
[EventDate "2010.05.02"]
[PlyCount "75"]

1. d4 Nf6 2. c4 e6 3. Nc3 Bb4 4. Qc2 Nc6 5. Nf3 d6 6. a3 Bxc3+ 7. Qxc3 a5 8. b3
O-O 9. g3 Re8 10. Bg2 e5 11. d5 Nb8 12. O-O Bg4 13. Re1 c6 14. e4 cxd5 15. exd5
Bxf3 16. Bxf3 Nbd7 17. Bg2 Qc7 18. Bd2 Nc5 19. Bg5 Nfd7 20. b4 Na4 21. Qb3 axb4
22. axb4 Nab6 23. Rac1 Rac8 24. Be3 Nf6 25. c5 Nbd7 26. c6 bxc6 27. Rxc6 Qb8
28. Rec1 e4 29. Bh3 Rcd8 30. b5 Ne5 31. Kg2 Nfg4 32. Bxg4 Nxg4 33. b6 Rd7 34.
Rc7 Qd8 35. Qb5 Ne5 36. Bf4 Rxc7 37. bxc7 Qc8 38. Qxe8+ 1-0

[Event "79th UKR-ch"]
[Site "Alushta UKR"]
[Date "2010.05.09"]
[Round "7"]
[White "Lomakin, Viktor"]
[WhiteElo "2087"]
[Black "Strygin, Alexandr"]
[BlackElo "2261"]
[Result "1/2-1/2"]
[EventDate "2010.05.02"]
[PlyCount "108"]

1. d4 Nf6 2. c4 c5 3. d5 b5 4. cxb5 a6 5. bxa6 Bxa6 6. Nc3 d6 7. Nf3 g6 8. g3
Bg7 9. Bg2 O-O 10. O-O Nbd7 11. Qc2 Nb6 12. Rd1 Qd7 13. a4 Nc4 14. Rb1 Rfb8 15.
b3 Nb6 16. e4 Ng4 17. a5 Nc8 18. Bd2 Qc7 19. h3 Ne5 20. Nxe5 Bxe5 21. Na2 Na7
22. b4 Nb5 23. Qc1 Nd4 24. Qa3 cxb4 25. Bxb4 Nc2 26. Qc1 Qc4 27. Rd2 Nxb4 28.
Qxc4 Bxc4 29. Rxb4 $11 29... Rxb4 30. Nxb4 Rxa5 31. Nc6 Ra1+ 32. Kh2 Bf6 33.
Bf3 Rc1 34. Be2 Bc3 35. Rd1 Rxd1 36. Bxd1 Kf8 37. Kg2 e6 38. Bf3 Ke8 39. g4 h6
40. Kg3 Kd7 41. Bg2 Bb5 42. Kf3 exd5 43. exd5 Kc7 44. Ke4 Bc4 45. Ke3 Bf6 46.
Nb4 Kb6 47. Nd3 Kb5 48. f4 Ka4 49. Kd2 Bd4 50. Bf3 Ba6 51. Bd1+ Kb5 52. Bb3 Bc8
53. Ke2 h5 54. Kf3 hxg4+ 1/2-1/2

[Event "79th UKR-ch"]
[Site "Alushta UKR"]
[Date "2010.05.09"]
[Round "7"]
[White "Troshchenko, Pavlo"]
[WhiteElo "2199"]
[Black "Belous, Mikhail"]
[BlackElo "1806"]
[Result "1-0"]
[EventDate "2010.05.02"]
[PlyCount "77"]

1. e4 c5 2. d4 cxd4 3. c3 Nf6 4. e5 Nd5 5. Nf3 Nc6 6. Bc4 e6 7. cxd4 Nb6 8. Bd3
d6 9. O-O dxe5 10. dxe5 Be7 11. Nc3 O-O 12. Qe2 f5 13. exf6 Bxf6 14. Qe4 g6 15.
Bh6 Bg7 16. Bxg7 Kxg7 17. Rad1 Qf6 18. Bb5 Ne7 19. Ne5 a6 20. Rd6 Ned5 21. Nxd5
exd5 22. Rxf6 dxe4 23. Rxb6 axb5 24. a3 Ra5 25. Rc1 Re8 26. Rc7+ Kg8 27. Nf7 b4
28. Rxb4 Rd5 29. h4 Rf8 30. Nh6+ Kh8 31. Rxe4 Rh5 32. Nf7+ Kg8 33. Nd6 Bf5 34.
Nxf5 gxf5 35. Rb4 f4 36. g3 f3 37. Rbxb7 Rd8 38. Rg7+ Kh8 39. Rgf7 1-0

[Event "79th UKR-ch"]
[Site "Alushta UKR"]
[Date "2010.05.09"]
[Round "7"]
[White "Vdovichenko, Vladislav"]
[WhiteElo "2220"]
[Black "Dolzhykova, Kateryna"]
[BlackElo "2300"]
[Result "1-0"]
[EventDate "2010.05.02"]
[PlyCount "51"]

1. d4 e6 2. c4 d5 3. Nc3 Bb4 4. cxd5 exd5 5. a3 Bd6 6. Nf3 c6 7. e4 dxe4 8.
Nxe4 Be7 9. Bd3 h6 10. O-O Nd7 11. Re1 Nf8 12. Bf4 Ne6 13. Be5 Nf6 14. Nxf6+
gxf6 15. Bg3 Nxd4 16. Nxd4 Qxd4 17. Rc1 Bg4 18. Qb3 Qb6 19. Qc4 Rg8 20. Bd6
O-O-O 21. Qxg4+ Rxg4 22. Bf5+ Rd7 23. Rxe7 Rg8 24. Rxd7 a5 25. Rxf7+ Kd8 26.
Bc7+ 1-0

[Event "79th UKR-ch"]
[Site "Alushta UKR"]
[Date "2010.05.09"]
[Round "7"]
[White "Avetisyan, Tyhran"]
[WhiteElo "1959"]
[Black "Stolpovskyi, Serhii"]
[BlackElo "2187"]
[Result "1/2-1/2"]
[EventDate "2010.05.02"]
[PlyCount "87"]

1. d4 Nf6 2. c4 g6 3. Nc3 Bg7 4. e4 d6 5. Be2 O-O 6. Bg5 c5 7. d5 e6 8. Nf3
exd5 9. cxd5 Qb6 10. O-O Re8 11. Nd2 a6 12. Nc4 Qc7 13. e5 dxe5 14. d6 Qc6 15.
Bxf6 Bxf6 16. Bf3 e4 17. Nxe4 Rxe4 18. Bxe4 Qxe4 19. Nb6 Bg4 20. f3 Bd4+ 21.
Kh1 Qc6 22. Nxa8 Bd7 23. Qe2 b5 24. Qe4 Qxd6 25. Qb7 Bc6 26. Qa7 c4 27. Rad1
Bxa7 28. Rxd6 Bxa8 29. Re1 Kg7 30. Rd8 Bc6 31. Re7 Bc5 32. Re5 Ba7 33. Re7 Bc5
34. Re5 Bb6 35. Rxb8 Bc7 36. Rc8 Bxe5 37. Rxc6 Bxb2 38. Rxa6 Kf8 39. Kg1 c3 40.
Rc6 Ke7 41. Kf1 Kd7 42. Rc5 Kd6 43. Rc8 Kd7 44. Rc5 1/2-1/2

[Event "79th UKR-ch"]
[Site "Alushta UKR"]
[Date "2010.05.09"]
[Round "7"]
[White "Zaichuk, Vitalii"]
[WhiteElo "2007"]
[Black "Reshetkov, Kyrylo"]
[BlackElo "2176"]
[Result "0-1"]
[EventDate "2010.05.02"]
[PlyCount "62"]

1. Nf3 b6 2. g3 Bb7 3. Bg2 Nf6 4. b3 e6 5. Bb2 Be7 6. O-O c5 7. c4 O-O 8. d3
Nc6 9. Nbd2 Qc7 10. a3 d5 11. cxd5 Nxd5 12. e4 Nf6 13. Qc2 Rac8 14. Rac1 Qb8
15. Nc4 Nd7 16. Qc3 Bf6 17. e5 Be7 18. Rfe1 $11 18... Rfd8 19. Rcd1 Nd4 20.
Nxd4 cxd4 21. Qxd4 Bxg2 22. Kxg2 Nc5 23. Qc3 Qa8+ 24. f3 Qd5 25. Nd6 Bxd6 26.
exd6 f6 27. b4 Na4 28. Qd2 Qb3 29. Re2 Rxd6 30. d4 Nxb2 31. Qxb2 Qxd1 0-1

[Event "79th UKR-ch"]
[Site "Alushta UKR"]
[Date "2010.05.09"]
[Round "7"]
[White "Barantseva, Oleksandra"]
[WhiteElo "1855"]
[Black "Demidenko, Stanislav"]
[BlackElo "2191"]
[Result "1-0"]
[EventDate "2010.05.02"]
[PlyCount "87"]

1. c4 e5 2. Nc3 Nc6 3. g3 Nf6 4. Bg2 Be7 5. Nf3 O-O 6. O-O d6 7. Rb1 a5 8. Ne1
Be6 9. Nd5 Bxd5 10. cxd5 Nb4 11. Qb3 c6 12. dxc6 bxc6 13. Qa4 Qb6 14. d3 Rfb8
15. Bd2 Ra6 16. a3 Nbd5 17. Nc2 Qb5 18. Qxb5 Rxb5 19. Rfc1 Rab6 20. e4 20...
Nc7 $11 21. b4 axb4 22. Nxb4 d5 23. Ra1 Bc5 24. Nc2 dxe4 25. dxe4 Ng4 26. Be1
Bd4 27. Nxd4 exd4 28. a4 Rb3 29. Ba5 Rb7 30. Rxc6 Ne8 31. Rc8 Kf8 32. Bf1 Rb8
33. Rxb8 Rxb8 34. Bb5 Ne5 35. f4 Ng4 36. Rd1 Rc8 37. Bd7 Ne3 38. Bxc8 Nxd1 39.
Bb6 Nc3 40. a5 d3 41. a6 h5 42. Be3 Nxe4 43. Kf1 Nc7 44. Bb7 1-0

[Event "79th UKR-ch"]
[Site "Alushta UKR"]
[Date "2010.05.09"]
[Round "7"]
[White "Tantsiura, Maria"]
[WhiteElo "2011"]
[Black "Andrenko, Iryna"]
[BlackElo "2149"]
[Result "1/2-1/2"]
[EventDate "2010.05.02"]
[PlyCount "46"]

1. e4 e6 2. d4 d5 3. exd5 exd5 4. Nf3 Bb4+ 5. c3 Bd6 6. c4 Nf6 7. Nc3 dxc4 8.
Bxc4 O-O 9. O-O Nc6 10. h3 h6 11. Bd2 Bf5 12. d5 Na5 13. Be2 c6 14. dxc6 Nxc6
15. Qb3 Qb6 16. Qxb6 axb6 17. Rad1 Bc5 18. a3 Rfd8 19. Bf4 g5 20. Bc7 Rxd1 21.
Rxd1 Rc8 22. Bg3 Ne4 23. Nxe4 Bxe4 1/2-1/2

[Event "79th UKR-ch"]
[Site "Alushta UKR"]
[Date "2010.05.09"]
[Round "7"]
[White "Linker, Mikhail"]
[WhiteElo "2053"]
[Black "Borzov, Dmytro"]
[BlackElo "2173"]
[Result "0-1"]
[EventDate "2010.05.02"]
[PlyCount "63"]

1. e4 d6 2. d4 Nf6 3. Nc3 g6 4. f3 Bg7 5. Be3 c6 6. Qd2 b5 7. Bh6 Bxh6 8. Qxh6
Nbd7 9. Bd3 Qb6 10. Nge2 Bb7 11. a4 a6 12. Nd1 e5 13. c3 c5 14. Qe3 O-O 15. O-O
cxd4 16. cxd4 d5 17. axb5 dxe4 18. fxe4 axb5 19. Rxa8 Rxa8 20. d5 Qxe3+ 21.
Nxe3 Ra2 22. Bxb5 Rxb2 23. Bxd7 Nxd7 24. Nc3 Rb3 25. Rc1 Ba6 26. Ncd1 Bd3 27.
Rc7 Nf6 28. d6 Bb5 29. Nd5 Nxd5 30. d7 Bxd7 31. Rxd7 Nf6 32. Kf1 0-1